000
00289nam a2200109Ia 4500
008
200302s9999 xx 000 0 und d
100
_a
Fiona and Isla Hackney
245
_a
The Art of the World 's Greatest Watecolourists
260
_b
Quantum Book Ltd.
260
_c
1990
300
_a
127 P.,
999
_c
2075
_d
2075